Statistics for Countries that Beat France

Click here to take the quiz!

General Stats

  • This quiz has been taken 19,691 times
  • The average score is 13 of 18

Answer Stats

RankHintCountries% Correct
2Most countries colonizedUnited Kingdom
98%
3Wine productionItaly, Spain
94%
2Birthplace of the most popesItaly
92%
4Population in EuropeRussia, Germany, United Kingdom
89%
2Destination of the most British touristsSpain
86%
2Most soccer players playing professionally
in another country
Brazil
85%
4Most UNESCO World Heritage sitesItaly, China, Spain
83%
3Most countries borderedChina, Russia
79%
2Nuclear energy generatedUnited States
72%
5Highest tax as a % of GDPDenmark, Belgium, Sweden, Cuba
67%
9Cheese production per capitaNew Zealand, Denmark, Czech Republic, ...
63%
2Fastest train in serviceChina
63%
8Destination of Chinese touristsSouth Korea, Thailand, Taiwan, ...
63%
2Most Oscars for foreign-language filmsItaly
51%
5Largest country without a desertD.R. Congo, Indonesia, Zambia, Myanmar
48%
5Lowest percentage of energy coming from fossil fuelsIceland, Estonia, Sweden, Finland
45%
6Most domesticated ducksChina, Vietnam, Indonesia, ...
44%
5Wine consumption per capitaAndorra, Vatican City, Croatia, Portugal
42%

Score Distribution

Percentile by Number Answered

Percent of People with Each Score

Your Score History

You have not taken this quiz